000 00896nam a2200241Ia 4500
003 GCL
005 20240530102900.0
008 140319s9999 xx 000 0 ara d
040 _aGCL /
_cGCL
082 0 4 _a235.5
_bن ت
100 1 _aابى عبدالرحمن احمد بن شعيب
245 1 0 _aتفسير النسائى /
_cابى عبدالرحمن احمد بن شعيب
260 _a[S.N] :
_bمكتبة الشباب ،
_c1990
300 _aمتعدد
650 0 4 _aسنن النسائى
650 0 4 _aالقران - تفسير
650 0 4 _aالتفاسير
700 1 _aابى عبدالرحمن احمد
700 1 _aسيد الجليمى (تحقيق)
700 1 _aصبرى الشافعى (تحقيق)
700 1 _aالنسائى: ابو عبدالرحمن احمد بن على بن شعيب على بن سنان سن عمر بن بن دينار
942 _2ddc
_cBK
999 _c35117
_d35117